000
00203nam a2200097Ia 4500
008
240331s9999 xx 000 0 und d
082
_b
COO
100
_a
Cooray, M
245
0
_a
English Grammar
942
_c
L
999
_c
3029
_d
3029